Administratívna budova - monolitická železobetónová konštrukcia

Salvato in:
Dettagli Bibliografici
Autore principale: Raučina, Jakub, 1986- (Autore)
Altri autori: Borzovič, Viktor, 1978- (Relatore della tesi)
Natura: Manoscritto Libro
Lingua:slovacco
Pubblicazione: Bratislava : STU v Bratislave SvF, 2013
Soggetti:
Accesso online:VAIS
Tags: Aggiungi Tag
Nessun Tag, puoi essere il primo ad aggiungerne!!

MARC

LEADER 00000ntm a22000003a 4500
001 stu271294
005 20150617230232.1
008 130719s2013----xo------------------slo-d
040 |a STU  |b slo 
041 0 |a slo 
044 |a xo 
100 1 |a Raučina, Jakub,  |d 1986-  |4 aut  |u V180  |U SvF Stavebná fakulta  |T SvF Katedra konštrukcií pozemných stavieb  |X 38983  |U V180  |Y 18  |7 A000038983 
242 0 0 |a Administrative builging - cast in situ structure  |y eng 
245 1 |a Administratívna budova - monolitická železobetónová konštrukcia 
260 |a Bratislava :  |b STU v Bratislave SvF,  |c 2013 
650 7 |a Structures of Buildings  |2 estusub 
650 7 |a calculation  |2 estusub 
650 7 |a structure  |2 estusub 
650 7 |a návrh  |2 stusub 
650 7 |a konštrukcia  |2 stusub 
700 1 |a Borzovič, Viktor,  |d 1978-  |4 ths  |u V110  |U SvF Stavebná fakulta  |T SvF Katedra betónových konštrukcií a mostov  |X 3688  |U V110  |Y 11  |7 A000003688 
856 4 |a info a plný text  |u http://is.stuba.sk/zp/portal_zp.pl?podrobnosti=94135  |3 VAIS